L' amour nomade : roman /

Gorde:
Xehetasun bibliografikoak
Beste egile batzuk: Drevet, Patrick
Formatua: Liburua
Hizkuntza:frantsesa
Argitaratua: Paris : Gallimard, 1991
Saila:Nrf
Etiketak: Etiketa erantsi
Etiketarik gabe, Izan zaitez lehena erregistro honi etiketa jartzen!

MARC

LEADER 00000nam a22000007i 4500
001 IT\ICCU\UBO\4132068
003 ItRI
005 20260115231838.0
008 150414s1991 fr |||||| ||||| |||||c
020 |a 2070723119 
040 |b ita  |c importazione bologna sebina 
041 7 |a fre  |2 ISO-639-2 
245 0 3 |a L' amour nomade :  |b roman /  |c Patrick Drevet. 
260 |a Paris :  |b Gallimard,  |c 1991 
300 |a 220 p. ;  |c 21 cm 
700 1 |a Drevet, Patrick  |0 IT\ICCU\MILV\059257 
830 0 |a Nrf  |0 IT\ICCU\LO1\0322504 
942 |2 ddc  |c BK  |n 0 
952 |0 0  |1 0  |4 0  |6 DOC_843_914000000000000_DRE  |7 0  |9 14108  |a BO  |b BO  |d 2026-01-15  |i 17507  |l 0  |o DOC 843.914 DRE  |p BO17507  |r 2026-01-15 23:18:38  |w 2026-01-15  |x [Sebina 5] [1 v.]  |y BK  |z 1 v. 
999 |c 12165  |d 12165